Gestion ambiental en el sector hidrocarburos. (Registro nro. 16640)

Detalles MARC
000 -CABECERA
Campo de control 006520000a22002050004500
005 - FECHA Y HORA DE LA ULTIMA TRANSACCION
Campo de control 20180131155800.0
008 - ELEMENTOS DE LONGITUD FIJA—INFORMACION GENERAL
Campo de control 170207b xxu||||| |||| 00| 0 spa d
040 ## - FUENTE DE CATALOGACIÓN
Agencia catalogadora original CO-BoIAVH
Agencia transcriptora CO-BoIAVH
041 ## - IDIOMA
Código de idioma para texto/pista de sonido o título separado Español
090 ## - CLASIFICACIÓN LOCAL
Colección MM
Consecutivo 00255
100 1# - ASIENTO PRINCIPAL--NOMBRE PERSONAL
Nombre personal Buitrago, César
245 10 - MENCION DE TITULO
Título Gestion ambiental en el sector hidrocarburos.
257 ## - PAIS DE LA ENTIDAD PRODUCTORA DE FILMES DE ARCHIVO
País de la entidad productora Colombia
264 ## - Producción, Publicación, Distribución, Fabricación y Aviso de copyright
Lugar de producción, publicación, etc Bogotá Colombia
Nombre del productor, editor, etc. Ministerio del Medio Ambiente,
-- Asociación Colombiana de Petroleo
Fecha de la producción, publicación, etc. 1998
300 ## - DESCRIPCION FISICA
Extensión CD-ROM
Otros detalles físicos 1
650 14 - ASIENTO SECUNDARIO DE MATERIA - TERMINO TEMATICO
Término temático o nombre geográfico como elemento de entrada Recursos naturales
Subdivisión general Conservación
650 14 - ASIENTO SECUNDARIO DE MATERIA - TERMINO TEMATICO
Término temático o nombre geográfico como elemento de entrada Gestión Ambiental
700 1# - ASIENTO SECUNDARIO - NOMBRE PERSONAL
Nombre personal Cardenas, Marco Vinicio
942 ## - ELEMENTOS ADICIONALES (KOHA)
Tipo de ítem CD-ROM
Sistema de clasificación Local
Existencias
Withdrawn status Lost status Sistema de Clasificación Damaged status No para préstamo Colección Ubicación Permanente Ubicación actual Fecha de adquisición Total Checkouts Número topográfico Inventario / Código de Barras Date last seen Ejemplar Price effective from Tipo de material Forma de adquisición
    Local     Audiovisual Bogotá Bogotá 07/02/2017   MM-00255 014195 25/03/2015 Ej.1 25/03/2015 CD-ROM  
    Local     Recursos electrónicos Bogotá Bogotá 31/01/2018   MM-0092 042426 31/01/2018 Ej. 2 31/01/2018 CD-ROM Donación